| 000 | 00641nam a2200217 i 4500 | ||
|---|---|---|---|
| 001 | 33334 | ||
| 003 | ES-MaACL | ||
| 007 | t| | ||
| 008 | 030202s1974 sp ||||1| spa d | ||
| 100 | 1 |
_aBilas, Richard A. _928859 |
|
| 245 | 1 | 0 |
_aTeoría microeconómica / _cRichard Bilas ; versión de José Vergara. |
| 250 | _a2ª ed. | ||
| 260 |
_a[Madrid] : _bAlianza, _c[1974] |
||
| 300 |
_a465 p. ; _c20 cm. |
||
| 490 | 1 |
_aAlianza universidad ; _v94 |
|
| 700 | 1 |
_aVergara, José. _9114083 |
|
| 830 | 0 |
_aAlianza universidad ; _v94 _9177276 |
|
| 852 |
_aES-MaACL _jE-6893 _bR.91223 |
||
| 852 |
_aES-MaACL _jE-7115 _bR.91637 |
||
| 999 |
_c33334 _d33334 |
||